Antología poética /

Guardado en:
Autor Principal: Pizarnik, Alejandra
Formato: Libro
Publicado: Buenos Aires : Cántaro, 1997
Series:Colección Del Mirador
Materias:
Etiquetas: Agregar Etiqueta
Sin Etiquetas, Sea el primero en etiquetar este registro!
LEADER 00649nam a22002175a 4500
001 CEM.cems010707
005 20080407130814.0
008 130507s1997##################000#0#####d
003 CEMS
020 |a 9507530274 
082 0 4 |a 808.1 
100 1 |a Pizarnik, Alejandra 
245 1 0 |a Antología poética /  |c Alejandra Pizarnik 
260 |a Buenos Aires :  |b Cántaro,  |c 1997 
300 |a 84 p. 
490 0 |a Colección Del Mirador 
653 |a Poesías 
653 |a Poesía argentina 
653 |a Poesía-antología 
859 |a CEMS  |b BIB. CEMS - 11 de abril  |h 808.1  |i P689  |p 21344.01  |t Ej.1 
859 |a CEMS  |b BIB. CEMS - 11 de abril  |h 808.1  |i P689  |p 21345.01  |t Ej.2